Consolidaȯ̂ das Leis do Trabalho

Detalles Bibliográficos
Autor principal: da Silva Claro, Sonia Regina
Otros Autores: Casimiro Costa, Manoel, Casimiro Costa, Beatriz
Formato: eBook
Lenguaje:portugués
Publicado: San Pablo: LTR, 2021
Materias:
Acceso en línea:Acceso restringido

MARC

LEADER 00000nam a22000007a 4500
005 20220218002247.0
007 cr|||| ||||
008 220218s2021 br |||||s|||| 00||0 por d
020 |a 978-65-5883-042-9 
035 |a 36128 
040 |a vLex 
090 |c 13038  |d 13038 
100 1 |a da Silva Claro, Sonia Regina 
245 1 0 |a Consolidaȯ̂ das Leis do Trabalho  |h [Recurso electrn̤ico] /  |c Sonia Regina da Silva Claro, Manoel Casimiro Costa, Beatriz Casimiro Costa 
256 |a Servicio en ln̕ea 
260 |a San Pablo:  |b LTR,  |c 2021 
300 |a 1 recurso electrn̤ico 
506 1 |a Disponible solo en los productos indicados  |d vLex Global  |d vLex Global (Academic Edition, excluding Law Schools)  |d vLex Global (U.S. Academic Edition, Law Schools)  |d vLex Global (U.S. Academic Edition, excluding Law Schools)  |d vLex Global (Academic Edition, Law Schools) 
650 0 4 |a Derecho Laboral y Seguridad Social  |z Brasil 
700 1 |a Casimiro Costa, Manoel 
700 1 |a Casimiro Costa, Beatriz 
740 0 |a vLex Libros (Servicio en ln̕ea) 
856 4 0 |u https://app.vlex.com/#/sources/36128  |z Acceso restringido 
942 |c BOOK 
999 0 |a Labor law and social security